000 00903pam a2200253 a 4500
001 498753
005 19861210000000.0
008 851009s1986 nyu b 001 0 eng
010 _a 85024928
020 _a0470202661
040 _aDLC
_cDLC
_dDLC
050 0 0 _aQA276.6
_b.S56 1986
100 1 _aSingh, Daroga.
245 1 0 _aTheory and analysis of sample survey designs /
_cDaroga Singh, F.S. Chaudhary.
260 _aNew York :
_bWiley,
_cc1986.
300 _axi, 380 p. ;
_c22 cm.
500 _a"A Halsted Press book."
504 _aIncludes bibliographies and indexes.
650 0 _aSampling (Statistics)
700 1 _aChaudhary, F. S.
_q(Fauran S.)
906 _a7
_bcbc
_corignew
_d1
_eocip
_f19
_gy-gencatlg
942 _2lcc
_cBK
999 _c25572
_d25572